| 000 | 00501nam a22001817a 4500 | ||
|---|---|---|---|
| 003 | NUST - PNEC | ||
| 005 | 20170116181200.0 | ||
| 008 | 160211b xxu||||| |||| 00| 0 eng d | ||
| 020 | _a- | ||
| 040 | _cLIBRARY | ||
| 082 | _a297.1225 BUK | ||
| 100 |
_916370 _aBukhari, Ismail |
||
| 245 |
_aManners in Islam (Al-Adab al-Mufrad) _cAbu Abdullah Muhammad Bin Ismail Bukhari |
||
| 260 |
_aKarachi: _bDarul-Ishaat; _c2002 |
||
| 300 | _a824 pages: | ||
| 650 |
_916372 _aIslam _xGeneral |
||
| 942 |
_2ddc _cBK |
||
| 999 |
_c71439 _d71439 |
||